000
00239nam a22001217a 4500
082
_a
494
_b
AGY/C
100
_a
AGNEY
245
_a
CHUNI HUYI KAVITHAYEM
260
_a
DELHI
_b
RAJPAL
300
_a
183
650
_a
POETRY
_z
DELHI
942
_c
BK
999
_c
4195
_d
4195